[Event "World Cup 2023 Open"]
[Site "Baku, Azerbaijan"]
[Date "2023.08.04"]
[Round "13.7"]
[White "Mastrovasilis Dimitrios (GRE)"]
[Black "Vidit Santosh Gujrathi (IND)"]
[Result "1/2-1/2"]
[WhiteFideId "4202694"]
[BlackFideId "5029465"]
[WhiteElo "2587"]
[BlackElo "2719"]

1. e4 {[%clk 00:25:17]} {[%emt 00:00:02]} e5 {[%clk 00:25:10]} {[%emt
00:00:10]} 2. Nf3 {[%clk 00:25:24]} {[%emt 00:00:03]} Nc6 {[%clk 00:25:18]}
{[%emt 00:00:02]} 3. d4 {[%clk 00:25:31]} {[%emt 00:00:03]} exd4 {[%clk
00:25:25]} {[%emt 00:00:03]} 4. Bc4 {[%clk 00:25:37]} {[%emt 00:00:03]} Bb4+
{[%clk 00:25:30]} {[%emt 00:00:06]} 5. c3 {[%clk 00:22:43]} {[%emt 00:03:05]}
dxc3 {[%clk 00:25:36]} {[%emt 00:00:04]} 6. O-O {[%clk 00:22:49]} {[%emt
00:00:03]} Nf6 {[%clk 00:25:38]} {[%emt 00:00:08]} 7. e5 {[%clk 00:20:51]}
{[%emt 00:02:08]} d5 {[%clk 00:25:43]} {[%emt 00:00:05]} 8. exf6 {[%clk
00:20:52]} {[%emt 00:00:08]} dxc4 {[%clk 00:25:51]} {[%emt 00:00:03]} 9. fxg7
{[%clk 00:20:37]} {[%emt 00:00:24]} Rg8 {[%clk 00:25:58]} {[%emt 00:00:03]} 10.
Qxd8+ {[%clk 00:19:34]} {[%emt 00:01:12]} Nxd8 {[%clk 00:26:05]} {[%emt
00:00:04]} 11. Nxc3 {[%clk 00:18:29]} {[%emt 00:01:16]} Bxc3 {[%clk 00:25:45]}
{[%emt 00:00:30]} 12. bxc3 {[%clk 00:18:36]} {[%emt 00:00:03]} f6 {[%clk
00:25:38]} {[%emt 00:00:18]} 13. Bh6 {[%clk 00:13:49]} {[%emt 00:04:56]} Kf7
{[%clk 00:23:09]} {[%emt 00:02:38]} 14. Nd4 {[%clk 00:12:22]} {[%emt 00:01:37]}
Kg6 {[%clk 00:21:59]} {[%emt 00:01:21]} 15. Bf4 {[%clk 00:12:22]} {[%emt
00:00:10]} Rxg7 {[%clk 00:21:45]} {[%emt 00:00:25]} 16. Rfe1 {[%clk 00:12:05]}
{[%emt 00:00:25]} a6 {[%clk 00:13:34]} {[%emt 00:08:23]} 17. Re8 {[%clk
00:09:35]} {[%emt 00:02:39]} Bd7 {[%clk 00:13:21]} {[%emt 00:00:24]} 18. Rf8
{[%clk 00:09:29]} {[%emt 00:00:16]} Rf7 {[%clk 00:09:12]} {[%emt 00:04:19]} 19.
Rg8+ {[%clk 00:09:13]} {[%emt 00:00:25]} Rg7 {[%clk 00:09:20]} {[%emt
00:00:02]} 20. Rf8 {[%clk 00:07:53]} {[%emt 00:01:30]} Rf7 {[%clk 00:08:48]}
{[%emt 00:00:42]} 21. Rg8+ {[%clk 00:07:59]} {[%emt 00:00:03]} 1/2-1/2

[Event "World Cup 2023 Open"]
[Site "Baku, Azerbaijan"]
[Date "2023.08.04"]
[Round "13.9"]
[White "Albornoz Cabrera Carlos Daniel (CUB)"]
[Black "Amin Bassem (EGY)"]
[Result "0-1"]
[WhiteFideId "3518736"]
[BlackFideId "10601457"]
[WhiteElo "2591"]
[BlackElo "2694"]

1. e4 {[%clk 00:25:16]} {[%emt 00:00:03]} e5 {[%clk 00:25:18]} {[%emt
00:00:02]} 2. Nf3 {[%clk 00:25:24]} {[%emt 00:00:02]} Nc6 {[%clk 00:25:27]}
{[%emt 00:00:01]} 3. Bb5 {[%clk 00:25:33]} {[%emt 00:00:02]} Nf6 {[%clk
00:25:35]} {[%emt 00:00:02]} 4. d3 {[%clk 00:25:42]} {[%emt 00:00:01]} Bc5
{[%clk 00:25:43]} {[%emt 00:00:02]} 5. Nbd2 {[%clk 00:25:50]} {[%emt 00:00:02]}
O-O {[%clk 00:25:47]} {[%emt 00:00:06]} 6. Nb3 {[%clk 00:25:55]} {[%emt
00:00:05]} Bb6 {[%clk 00:24:38]} {[%emt 00:01:19]} 7. Bxc6 {[%clk 00:26:02]}
{[%emt 00:00:03]} bxc6 {[%clk 00:24:47]} {[%emt 00:00:02]} 8. a4 {[%clk
00:26:10]} {[%emt 00:00:02]} a5 {[%clk 00:24:50]} {[%emt 00:00:06]} 9. Nxe5
{[%clk 00:26:18]} {[%emt 00:00:02]} d5 {[%clk 00:24:01]} {[%emt 00:00:59]} 10.
O-O {[%clk 00:26:25]} {[%emt 00:00:03]} dxe4 {[%clk 00:21:55]} {[%emt
00:02:16]} 11. dxe4 {[%clk 00:26:34]} {[%emt 00:00:01]} Qxd1 {[%clk 00:21:53]}
{[%emt 00:00:12]} 12. Rxd1 {[%clk 00:26:42]} {[%emt 00:00:02]} Re8 {[%clk
00:22:00]} {[%emt 00:00:03]} 13. Nxc6 {[%clk 00:19:15]} {[%emt 00:07:37]} Bb7
{[%clk 00:21:09]} {[%emt 00:01:01]} 14. Nbd4 {[%clk 00:13:28]} {[%emt
00:05:57]} Rxe4 {[%clk 00:21:05]} {[%emt 00:00:14]} 15. Be3 {[%clk 00:07:58]}
{[%emt 00:05:40]} Ng4 {[%clk 00:18:56]} {[%emt 00:02:19]} 16. Ra3 {[%clk
00:07:05]} {[%emt 00:01:03]} Rae8 {[%clk 00:17:57]} {[%emt 00:01:08]} 17. h3
{[%clk 00:05:42]} {[%emt 00:01:33]} Nxe3 {[%clk 00:17:53]} {[%emt 00:00:15]} 18.
fxe3 {[%clk 00:05:51]} {[%emt 00:00:01]} Rxe3 {[%clk 00:16:33]} {[%emt
00:01:30]} 19. Rxe3 {[%clk 00:05:44]} {[%emt 00:00:17]} Rxe3 {[%clk 00:16:42]}
{[%emt 00:00:02]} 20. Kf1 {[%clk 00:05:00]} {[%emt 00:00:53]} g6 {[%clk
00:14:27]} {[%emt 00:02:25]} 21. c3 {[%clk 00:03:45]} {[%emt 00:01:25]} Re4
{[%clk 00:05:15]} {[%emt 00:09:22]} 22. b4 {[%clk 00:03:11]} {[%emt 00:00:44]}
Rf4+ {[%clk 00:05:02]} {[%emt 00:00:23]} 23. Ke2 {[%clk 00:03:11]} {[%emt
00:00:10]} axb4 {[%clk 00:04:18]} {[%emt 00:00:54]} 24. cxb4 {[%clk 00:03:19]}
{[%emt 00:00:02]} Bxd4 {[%clk 00:04:15]} {[%emt 00:00:13]} 25. Rxd4 {[%clk
00:02:27]} {[%emt 00:01:02]} Rf6 {[%clk 00:03:22]} {[%emt 00:01:02]} 26. b5
{[%clk 00:02:36]} {[%emt 00:00:01]} Bxc6 {[%clk 00:03:29]} {[%emt 00:00:03]} 27.
bxc6 {[%clk 00:02:45]} {[%emt 00:00:01]} Rxc6 {[%clk 00:03:37]} {[%emt
00:00:01]} 28. a5 {[%clk 00:02:54]} Kf8 {[%clk 00:03:20]} {[%emt 00:00:28]} 29.
Ra4 {[%clk 00:02:59]} {[%emt 00:00:06]} Ra6 {[%clk 00:03:23]} {[%emt 00:00:06]}
30. Kd3 {[%clk 00:03:03]} {[%emt 00:00:06]} Ke7 {[%clk 00:03:20]} {[%emt
00:00:13]} 31. Kc4 {[%clk 00:03:10]} {[%emt 00:00:03]} c6 {[%clk 00:03:26]}
{[%emt 00:00:04]} 32. g4 {[%clk 00:02:25]} {[%emt 00:00:55]} f5 {[%clk
00:02:45]} {[%emt 00:00:50]} 33. gxf5 {[%clk 00:02:30]} {[%emt 00:00:05]} gxf5
{[%clk 00:02:54]} {[%emt 00:00:01]} 34. Kb4 {[%clk 00:01:50]} {[%emt 00:00:50]}
Kd6 {[%clk 00:02:45]} {[%emt 00:00:19]} 35. Ra1 {[%clk 00:01:52]} {[%emt
00:00:08]} f4 {[%clk 00:02:48]} {[%emt 00:00:07]} 36. Rd1+ {[%clk 00:01:56]}
{[%emt 00:00:06]} Ke5 {[%clk 00:02:56]} {[%emt 00:00:02]} 37. Rd7 {[%clk
00:00:59]} {[%emt 00:01:07]} h6 {[%clk 00:02:12]} {[%emt 00:00:54]} 38. Rf7
{[%clk 00:00:30]} {[%emt 00:00:39]} Ke4 {[%clk 00:02:14]} {[%emt 00:00:08]} 39.
Ka4 {[%clk 00:00:31]} {[%emt 00:00:09]} f3 {[%clk 00:02:14]} {[%emt 00:00:10]}
40. h4 {[%clk 00:00:20]} {[%emt 00:00:21]} Ke3 {[%clk 00:02:14]} {[%emt
00:00:10]} 41. Re7+ {[%clk 00:00:24]} {[%emt 00:00:06]} Kf4 {[%clk 00:02:20]}
{[%emt 00:00:03]} 42. Rh7 {[%clk 00:00:28]} {[%emt 00:00:07]} f2 {[%clk
00:02:21]} {[%emt 00:00:10]} 43. Rf7 {[%clk 00:00:29]} {[%emt 00:00:09]} Kg3
{[%clk 00:02:29]} {[%emt 00:00:02]} 44. h5 {[%clk 00:00:29]} {[%emt 00:00:10]}
Ra7 {[%clk 00:02:01]} {[%emt 00:00:37]} 45. Rf6 {[%clk 00:00:34]} {[%emt
00:00:06]} Re7 {[%clk 00:01:34]} {[%emt 00:00:34]} 46. a6 {[%clk 00:00:37]}
{[%emt 00:00:10]} Re1 {[%clk 00:01:41]} {[%emt 00:00:03]} 47. Rg6+ {[%clk
00:00:24]} {[%emt 00:00:24]} Kh4 {[%clk 00:01:36]} {[%emt 00:00:14]} 0-1

[Event "World Cup 2023 Open"]
[Site "Baku, Azerbaijan"]
[Date "2023.08.04"]
[Round "13.10"]
[White "Gadimbayli Abdulla (AZE)"]
[Black "Anton Guijarro David (ESP)"]
[Result "1-0"]
[WhiteFideId "13404938"]
[BlackFideId "2285525"]
[WhiteElo "2483"]
[BlackElo "2691"]

1. e4 {[%clk 00:25:17]} {[%emt 00:00:02]} e5 {[%clk 00:25:18]} {[%emt
00:00:02]} 2. Nf3 {[%clk 00:25:24]} {[%emt 00:00:03]} Nc6 {[%clk 00:25:25]}
{[%emt 00:00:02]} 3. Bc4 {[%clk 00:25:30]} {[%emt 00:00:03]} Nf6 {[%clk
00:25:32]} {[%emt 00:00:03]} 4. d3 {[%clk 00:24:23]} {[%emt 00:01:18]} Be7
{[%clk 00:25:35]} {[%emt 00:00:06]} 5. Nc3 {[%clk 00:24:25]} {[%emt 00:00:08]}
d6 {[%clk 00:25:39]} {[%emt 00:00:06]} 6. a3 {[%clk 00:24:32]} {[%emt
00:00:04]} O-O {[%clk 00:25:43]} {[%emt 00:00:06]} 7. h3 {[%clk 00:24:33]}
{[%emt 00:00:09]} Be6 {[%clk 00:25:42]} {[%emt 00:00:10]} 8. Nd5 {[%clk
00:24:41]} {[%emt 00:00:03]} Qd7 {[%clk 00:25:47]} {[%emt 00:00:05]} 9. O-O
{[%clk 00:23:20]} {[%emt 00:01:30]} Rae8 {[%clk 00:25:45]} {[%emt 00:00:12]} 10.
b4 {[%clk 00:22:22]} {[%emt 00:01:09]} Bd8 {[%clk 00:25:08]} {[%emt 00:00:47]}
11. Bg5 {[%clk 00:20:19]} {[%emt 00:02:13]} Bxd5 {[%clk 00:23:17]} {[%emt
00:02:02]} 12. exd5 {[%clk 00:19:40]} {[%emt 00:00:50]} Ne7 {[%clk 00:22:33]}
{[%emt 00:00:53]} 13. Bxf6 {[%clk 00:19:22]} {[%emt 00:00:29]} gxf6 {[%clk
00:22:41]} {[%emt 00:00:02]} 14. Nh4 {[%clk 00:15:24]} {[%emt 00:04:07]} Ng6
{[%clk 00:21:54]} {[%emt 00:00:57]} 15. Qh5 {[%clk 00:15:27]} {[%emt 00:00:07]}
Nxh4 {[%clk 00:21:16]} {[%emt 00:00:48]} 16. Qxh4 {[%clk 00:15:34]} {[%emt
00:00:02]} f5 {[%clk 00:21:05]} {[%emt 00:00:22]} 17. Qh5 {[%clk 00:15:37]}
{[%emt 00:00:07]} Kh8 {[%clk 00:19:10]} {[%emt 00:02:05]} 18. f4 {[%clk
00:15:01]} {[%emt 00:00:46]} b5 {[%clk 00:18:44]} {[%emt 00:00:36]} 19. Bb3
{[%clk 00:14:37]} {[%emt 00:00:34]} e4 {[%clk 00:17:43]} {[%emt 00:01:11]} 20.
Rae1 {[%clk 00:13:59]} {[%emt 00:00:48]} Bf6 {[%clk 00:16:39]} {[%emt
00:01:14]} 21. Kh1 {[%clk 00:11:33]} {[%emt 00:02:35]} Bc3 {[%clk 00:14:18]}
{[%emt 00:02:31]} 22. Re2 {[%clk 00:10:39]} {[%emt 00:01:04]} Rg8 {[%clk
00:14:19]} {[%emt 00:00:10]} 23. dxe4 {[%clk 00:08:29]} {[%emt 00:02:20]} fxe4
{[%clk 00:14:15]} {[%emt 00:00:13]} 24. f5 {[%clk 00:08:31]} {[%emt 00:00:07]}
f6 {[%clk 00:11:40]} {[%emt 00:02:45]} 25. Qh4 {[%clk 00:05:34]} {[%emt
00:03:07]} e3 {[%clk 00:11:00]} {[%emt 00:00:50]} 26. Rf3 {[%clk 00:05:40]}
{[%emt 00:00:05]} Qg7 {[%clk 00:10:37]} {[%emt 00:00:33]} 27. Qf4 {[%clk
00:04:49]} {[%emt 00:01:01]} Bd2 {[%clk 00:09:52]} {[%emt 00:00:55]} 28. c4
{[%clk 00:04:39]} {[%emt 00:00:20]} a6 {[%clk 00:08:50]} {[%emt 00:01:12]} 29.
Qd4 {[%clk 00:04:14]} {[%emt 00:00:35]} Re5 {[%clk 00:07:57]} {[%emt 00:01:03]}
30. Qa7 {[%clk 00:03:32]} {[%emt 00:00:52]} Qd7 {[%clk 00:06:34]} {[%emt
00:01:32]} 31. Bc2 {[%clk 00:01:37]} {[%emt 00:02:05]} bxc4 {[%clk 00:05:15]}
{[%emt 00:01:30]} 32. Qxa6 {[%clk 00:01:45]} {[%emt 00:00:02]} c3 {[%clk
00:04:31]} {[%emt 00:00:53]} 33. Qc4 {[%clk 00:01:00]} {[%emt 00:00:56]} Qf7
{[%clk 00:03:49]} {[%emt 00:00:52]} 34. Bb3 {[%clk 00:01:08]} {[%emt 00:00:02]}
Rg5 {[%clk 00:03:29]} {[%emt 00:00:30]} 35. Qd3 {[%clk 00:00:55]} {[%emt
00:00:23]} Qg7 {[%clk 00:02:09]} {[%emt 00:01:29]} 36. a4 {[%clk 00:00:24]}
{[%emt 00:00:41]} Re8 {[%clk 00:01:57]} {[%emt 00:00:22]} 37. Rf4 {[%clk
00:00:34]} {[%emt 00:00:01]} Rg3 {[%clk 00:01:44]} {[%emt 00:00:23]} 38. Rh4
{[%clk 00:00:21]} {[%emt 00:00:23]} Rg8 {[%clk 00:00:42]} {[%emt 00:01:12]} 39.
Qe4 {[%clk 00:00:29]} {[%emt 00:00:01]} Qf7 {[%clk 00:00:21]} {[%emt 00:00:31]}
40. Qe6 {[%clk 00:00:13]} {[%emt 00:00:27]} R3g7 {[%clk 00:00:15]} {[%emt
00:00:16]} 41. a5 {[%clk 00:00:19]} {[%emt 00:00:04]} Re8 {[%clk 00:00:20]}
{[%emt 00:00:04]} 42. Qxf7 {[%clk 00:00:25]} {[%emt 00:00:03]} Rxf7 {[%clk
00:00:29]} {[%emt 00:00:01]} 43. a6 {[%clk 00:00:28]} {[%emt 00:00:08]} Ra8
{[%clk 00:00:34]} {[%emt 00:00:05]} 44. b5 {[%clk 00:00:34]} {[%emt 00:00:03]}
Kg8 {[%clk 00:00:22]} {[%emt 00:00:22]} 45. Rc4 {[%clk 00:00:31]} {[%emt
00:00:14]} Kf8 {[%clk 00:00:24]} {[%emt 00:00:08]} 46. Ba4 {[%clk 00:00:22]}
{[%emt 00:00:18]} Ra7 {[%clk 00:00:15]} {[%emt 00:00:19]} 47. g4 {[%clk
00:00:25]} {[%emt 00:00:07]} h5 {[%clk 00:00:17]} {[%emt 00:00:08]} 48. gxh5
{[%clk 00:00:12]} {[%emt 00:00:23]} Rh7 {[%clk 00:00:25]} {[%emt 00:00:02]} 49.
Rh4 {[%clk 00:00:18]} {[%emt 00:00:04]} Rh6 {[%clk 00:00:21]} {[%emt 00:00:14]}
50. Kg2 {[%clk 00:00:24]} {[%emt 00:00:03]} Ke7 {[%clk 00:00:22]} {[%emt
00:00:09]} 51. Kf3 {[%clk 00:00:32]} {[%emt 00:00:03]} Ra8 {[%clk 00:00:23]}
{[%emt 00:00:09]} 52. Ke4 {[%clk 00:00:18]} {[%emt 00:00:23]} Kf7 {[%clk
00:00:13]} {[%emt 00:00:21]} 53. Kd3 {[%clk 00:00:26]} {[%emt 00:00:02]} Rb8
{[%clk 00:00:13]} {[%emt 00:00:09]} 54. Rg2 {[%clk 00:00:30]} {[%emt 00:00:06]}
Ra8 {[%clk 00:00:20]} {[%emt 00:00:04]} 55. Rg6 {[%clk 00:00:17]} {[%emt
00:00:22]} Rh7 {[%clk 00:00:29]} {[%emt 00:00:01]} 56. h6 {[%clk 00:00:22]}
{[%emt 00:00:05]} Ra7 {[%clk 00:00:11]} {[%emt 00:00:29]} 57. Ke2 {[%clk
00:00:23]} {[%emt 00:00:09]} Ra8 {[%clk 00:00:17]} {[%emt 00:00:04]} 58. Rc4
{[%clk 00:00:29]} {[%emt 00:00:03]} Ra7 {[%clk 00:00:20]} {[%emt 00:00:08]} 59.
Rcg4 {[%clk 00:00:37]} {[%emt 00:00:01]} Kf8 {[%clk 00:00:22]} {[%emt
00:00:08]} 60. Rg8+ {[%clk 00:00:45]} {[%emt 00:00:02]} Kf7 {[%clk 00:00:31]}
{[%emt 00:00:01]} 61. R8g7+ {[%clk 00:00:40]} {[%emt 00:00:14]} Rxg7 {[%clk
00:00:40]} {[%emt 00:00:01]} 62. Rxg7+ {[%clk 00:00:46]} {[%emt 00:00:04]} Kf8
{[%clk 00:00:49]} {[%emt 00:00:01]} 63. Rg6 {[%clk 00:00:55]} Kf7 {[%clk
00:00:54]} {[%emt 00:00:05]} 64. h7 {[%clk 00:01:03]} {[%emt 00:00:02]} Ra8
{[%clk 00:01:01]} {[%emt 00:00:03]} 65. Rg8 {[%emt 00:00:07]} 1-0

[Event "World Cup 2023 Open"]
[Site "Baku, Azerbaijan"]
[Date "2023.08.04"]
[Round "13.11"]
[White "Huschenbeth Niclas (GER)"]
[Black "Navara David (CZE)"]
[Result "1-0"]
[WhiteFideId "24604747"]
[BlackFideId "309095"]
[WhiteElo "2603"]
[BlackElo "2689"]

1. d4 {[%clk 00:25:10]} {[%emt 00:19:47]} Nf6 {[%clk 00:25:13]} {[%emt
00:00:14]} 2. Nf3 {[%clk 00:25:28]} {[%emt 00:00:02]} d5 {[%clk 00:24:57]}
{[%emt 00:00:26]} 3. c3 {[%clk 00:25:36]} {[%emt 00:00:02]} Bf5 {[%clk
00:24:40]} {[%emt 00:00:27]} 4. Qb3 {[%clk 00:25:44]} {[%emt 00:00:03]} Qc8
{[%clk 00:24:44]} {[%emt 00:00:05]} 5. c4 {[%clk 00:25:52]} {[%emt 00:00:02]}
e6 {[%clk 00:24:31]} {[%emt 00:00:23]} 6. cxd5 {[%clk 00:25:24]} {[%emt
00:00:38]} exd5 {[%clk 00:24:24]} {[%emt 00:00:17]} 7. Nc3 {[%clk 00:25:28]}
{[%emt 00:00:06]} c6 {[%clk 00:23:37]} {[%emt 00:00:57]} 8. Bf4 {[%clk
00:25:12]} {[%emt 00:00:26]} Nh5 {[%clk 00:20:28]} {[%emt 00:03:19]} 9. Be5
{[%clk 00:21:59]} {[%emt 00:03:24]} f6 {[%clk 00:18:00]} {[%emt 00:02:37]} 10.
Bxb8 {[%clk 00:21:37]} {[%emt 00:00:32]} Rxb8 {[%clk 00:18:04]} {[%emt
00:00:06]} 11. e3 {[%clk 00:20:57]} {[%emt 00:00:51]} g6 {[%clk 00:18:04]}
{[%emt 00:00:09]} 12. h3 {[%clk 00:20:45]} {[%emt 00:00:21]} Ng7 {[%clk
00:18:00]} {[%emt 00:00:14]} 13. Rc1 {[%clk 00:18:50]} {[%emt 00:02:06]} Be6
{[%clk 00:16:41]} {[%emt 00:01:28]} 14. Bd3 {[%clk 00:17:13]} {[%emt 00:01:48]}
Be7 {[%clk 00:16:43]} {[%emt 00:00:07]} 15. O-O {[%clk 00:16:38]} {[%emt
00:00:46]} O-O {[%clk 00:15:01]} {[%emt 00:01:52]} 16. Rfe1 {[%clk 00:16:33]}
{[%emt 00:00:15]} Qd7 {[%clk 00:12:32]} {[%emt 00:02:39]} 17. Qa4 {[%clk
00:15:13]} {[%emt 00:01:31]} a6 {[%clk 00:12:01]} {[%emt 00:00:41]} 18. e4
{[%clk 00:13:55]} {[%emt 00:01:27]} dxe4 {[%clk 00:11:52]} {[%emt 00:00:19]} 19.
Rxe4 {[%clk 00:13:29]} {[%emt 00:00:37]} Rbe8 {[%clk 00:08:42]} {[%emt
00:03:19]} 20. Bc4 {[%clk 00:12:03]} {[%emt 00:01:36]} Bxc4 {[%clk 00:07:27]}
{[%emt 00:01:25]} 21. Qxc4+ {[%clk 00:12:11]} {[%emt 00:00:02]} Kh8 {[%clk
00:07:35]} {[%emt 00:00:01]} 22. Rce1 {[%clk 00:09:24]} {[%emt 00:02:58]} Bd8
{[%clk 00:06:53]} {[%emt 00:00:52]} 23. d5 {[%clk 00:08:59]} {[%emt 00:00:35]}
cxd5 {[%clk 00:06:03]} {[%emt 00:01:00]} 24. Nxd5 {[%emt 00:00:27]} Rxe4 {[%emt
00:00:06]} 25. Rxe4 {[%emt 00:00:06]} Re8 {[%emt 00:01:55]} 26. Rd4 {[%clk
00:07:27]} Qe6 {[%clk 00:04:13]} {[%emt 00:01:47]} 27. Qd3 {[%clk 00:06:25]}
{[%emt 00:01:13]} Bb6 {[%clk 00:02:40]} {[%emt 00:01:42]} 28. Nxb6 {[%clk
00:06:06]} {[%emt 00:00:30]} Qxb6 {[%clk 00:02:49]} {[%emt 00:00:01]} 29. b3
{[%clk 00:04:05]} {[%emt 00:02:11]} Ne6 {[%clk 00:02:09]} {[%emt 00:00:50]} 30.
Rd6 {[%clk 00:03:36]} {[%emt 00:00:39]} Qc7 {[%clk 00:02:17]} {[%emt 00:00:01]}
31. g3 {[%clk 00:02:38]} {[%emt 00:01:08]} Rd8 {[%clk 00:01:52]} {[%emt
00:00:34]} 32. Rxd8+ {[%clk 00:02:47]} {[%emt 00:00:02]} Qxd8 {[%clk 00:01:59]}
{[%emt 00:00:03]} 33. Qe4 {[%clk 00:02:47]} {[%emt 00:00:10]} Qd7 {[%clk
00:01:48]} {[%emt 00:00:21]} 34. h4 {[%clk 00:02:45]} Kg7 {[%clk 00:01:49]}
{[%emt 00:00:20]} 35. Kg2 {[%emt 00:01:14]} h5 {[%clk 00:00:33]} {[%emt
00:00:51]} 36. Kh2 {[%clk 00:02:07]} {[%emt 00:00:19]} Nc5 {[%clk 00:00:36]}
{[%emt 00:00:07]} 37. Qe3 {[%clk 00:02:08]} {[%emt 00:00:10]} Nd3 {[%clk
00:00:40]} {[%emt 00:00:05]} 38. Kg2 {[%clk 00:01:45]} {[%emt 00:00:33]} Kf7
{[%clk 00:00:45]} {[%emt 00:00:05]} 39. Qe4 {[%clk 00:01:18]} {[%emt 00:00:38]}
Nc5 {[%clk 00:00:41]} {[%emt 00:00:14]} 40. Qf4 {[%clk 00:01:10]} {[%emt
00:00:18]} Ne6 {[%clk 00:00:18]} {[%emt 00:00:33]} 41. Ne5+ {[%clk 00:00:49]}
{[%emt 00:00:30]} Ke7 {[%clk 00:00:16]} {[%emt 00:00:13]} 42. Nxg6+ {[%clk
00:00:58]} {[%emt 00:00:02]} Kf7 {[%clk 00:00:25]} 43. Ne5+ {[%clk 00:00:38]}
{[%emt 00:00:30]} Ke7 {[%clk 00:00:21]} {[%emt 00:00:14]} 44. Qb4+ {[%clk
00:00:43]} {[%emt 00:00:04]} Qd6 {[%clk 00:00:30]} {[%emt 00:00:01]} 45. Qxb7+
{[%emt 00:00:14]} Nc7 {[%clk 00:00:28]} {[%emt 00:00:04]} 46. Ng6+ {[%clk
00:00:41]} {[%emt 00:00:16]} Kd8 {[%clk 00:00:24]} {[%emt 00:00:14]} 47. Nf4
{[%clk 00:00:37]} {[%emt 00:00:14]} Qe5 {[%clk 00:00:26]} {[%emt 00:00:08]} 48.
Qc6 {[%clk 00:00:32]} {[%emt 00:00:15]} Nb5 {[%clk 00:00:24]} {[%emt 00:00:12]}
49. Qd5+ {[%clk 00:00:22]} {[%emt 00:00:20]} Ke8 {[%clk 00:00:13]} {[%emt
00:00:20]} 50. Qxe5+ {[%clk 00:00:20]} {[%emt 00:00:12]} fxe5 {[%clk 00:00:22]}
{[%emt 00:00:02]} 51. Nxh5 {[%clk 00:00:28]} {[%emt 00:00:01]} Kf7 {[%clk
00:00:31]} {[%emt 00:00:01]} 52. g4 {[%clk 00:00:30]} Nc3 {[%clk 00:00:37]}
{[%emt 00:00:11]} 53. a4 {[%clk 00:00:33]} a5 {[%clk 00:00:42]} {[%emt
00:00:13]} 54. Ng3 {[%clk 00:00:38]} e4 {[%clk 00:00:29]} {[%emt 00:00:28]} 55.
Nf5 {[%clk 00:00:32]} Ke6 {[%clk 00:00:26]} {[%emt 00:00:29]} 56. h5 {[%clk
00:00:36]} {[%emt 00:00:07]} Ne2 {[%clk 00:00:31]} {[%emt 00:00:05]} 57. h6
{[%clk 00:00:36]} {[%emt 00:00:11]} Kf6 {[%clk 00:00:36]} {[%emt 00:00:05]} 58.
h7 {[%clk 00:00:34]} {[%emt 00:00:12]} Nf4+ {[%clk 00:00:44]} {[%emt 00:00:02]}
59. Kg3 {[%clk 00:00:40]} {[%emt 00:00:04]} Ng6 {[%clk 00:00:52]} {[%emt
00:00:02]} 60. Nh4 {[%clk 00:00:35]} {[%emt 00:00:15]} Nh8 {[%clk 00:00:59]}
{[%emt 00:00:02]} 61. Kf4 {[%clk 00:00:42]} {[%emt 00:00:03]} Kg7 {[%clk
00:01:05]} {[%emt 00:00:04]} 62. Kxe4 {[%clk 00:00:42]} {[%emt 00:00:10]} Kxh7
{[%clk 00:01:13]} {[%emt 00:00:02]} 63. g5 {[%clk 00:00:46]} {[%emt 00:00:07]}
Kg7 {[%clk 00:01:18]} {[%emt 00:00:05]} 64. f4 {[%clk 00:00:50]} {[%emt
00:00:06]} Nf7 {[%clk 00:01:25]} {[%emt 00:00:02]} 1-0